Personnages Disney/Pixar en images - M - Statistiques

Statistiques générales
  • Ce quiz a été pris 579 fois
  • Le résultat moyen est 12 sur 20
Statistiques - réponses
Par images Réponse % Correct
Mickey
100%
Mulan
97%
Mowgli
96%
Maléfique
94%
Mufasa
94%
Merlin
91%
Merida
83%
Martin
80%
Miguel Rivera
73%
Mirabel Madrigal
72%
Maui
66%
Megara
62%
Max
50%
Meilin Lee
39%
Meeko
38%
Milo James Thatch
34%
Mitaine
20%
Monstro
20%
Magnifico
17%
Michel
10%
Aucun quiz correspondant
Distribution des résultats
% des personnes avec chaque résultat
Percentile par nombre de réponses
Votre historique - résultats
Vous n’avez pas pris ce quiz